[Event "BRA-ch U14"]
[Site "Rio de Janeiro"]
[Date "2012.05.12"]
[Round "4"]
[White "Sato, Henrique Akira Lisb"]
[Black "De Souza, Felipe Mazim"]
[Result "0-1"]
[WhiteElo "1785"]
[BlackElo "1707"]
[PlyCount "82"]
[EventDate "2012.05.11"]
[EventType "swiss"]
[EventRounds "6"]
[EventCountry "BRA"]
[SourceTitle "CBM 148 Extra"]
[Source "ChessBase"]
[SourceDate "2012.06.22"]
[SourceVersion "1"]
[SourceVersionDate "2012.06.22"]
[SourceQuality "1"]

1. d4 d5 2. Nf3 Nf6 3. e3 Bf5 4. b3 e6 5. Bb2 c5 6. Bd3 Bg6 7. 0-0 Nc6 8. Be2 Bd6 9. a3 0-0 10. Nbd2 Re8 11. Ne5 Nd7 12. f4 Ne7 13. g4 Qc7 14. Rc1 f6 15. Nxd7 Qxd7 16. Nf3 a6 17. h4 Nc6 18. g5 fxg5 19. hxg5 cxd4 20. Nxd4 e5 21. Bg4 Qc7 22. Nxc6 bxc6 23. Qd2 exf4 24. exf4 Bc5+ 25. Bd4 Bxa3 26. Rce1 Be4 27. f5 Qd8 28. Qf2 Qd7 29. Qg3 Bd6 30. Qh3 Be5 31. Bc5 Bxc2 32. f6 Qf7 33. Be7 Bd4+ 34. Kh2 Kh8 35. Be6 Qg6 36. f7 Rf8 37. Bxf8 Rxf8 38. Qg3 Be4 39. Qb8 Bc5 40. Qg3 Qxe6 41. Qf4 Bd6 0-1

[Event "BRA-ch U14"]
[Site "Rio de Janeiro"]
[Date "2012.05.11"]
[Round "1"]
[White "De Souza, Felipe Mazim"]
[Black "Maciel, Diogo Alves"]
[Result "1-0"]
[WhiteElo "1707"]
[BlackElo "1742"]
[PlyCount "77"]
[EventDate "2012.05.11"]
[EventType "swiss"]
[EventRounds "6"]
[EventCountry "BRA"]
[SourceTitle "CBM 148 Extra"]
[Source "ChessBase"]
[SourceDate "2012.06.22"]
[SourceVersion "1"]
[SourceVersionDate "2012.06.22"]
[SourceQuality "1"]

1. e4 c5 2. Nf3 d6 3. d4 cxd4 4. Nxd4 Nf6 5. Nc3 a6 6. Be3 e5 7. Nb3 Be6 8. Be2 Be7 9. 0-0 Qc7 10. f4 Nbd7 11. f5 Bc4 12. Bxc4 Qxc4 13. Qd3 Rc8 14. a3 h5 15. h3 Qxd3 16. cxd3 Nc5 17. Nxc5 dxc5 18. Rac1 Bd6 19. Na4 Nd7 20. b4 b6 21. Nxb6 Nxb6 22. bxc5 Bxc5 23. Bxc5 Nd7 24. Bd6 Kd8 25. Rxc8+ Kxc8 26. Rc1+ Kd8 27. Rc6 Rh6 28. Rxa6 Kc8 29. Rc6+ Kd8 30. Bc7+ Kc8 31. Rxh6 gxh6 32. Bd6 Kb7 33. Kf2 Kc6 34. Bb4 h4 35. Kf3 h5 36. Be1 Nc5 37. Ke3 Kb5 38. Bxh4 Ka4 39. Bf6 1-0

[Event "Wch U12"]
[Site "Caldas Novas"]
[Date "2011.11.23"]
[Round "6"]
[White "De Souza, Felipe Mazim"]
[Black "Acosta, Pablo Ismael"]
[Result "0-1"]
[WhiteElo "1730"]
[BlackElo "2065"]
[PlyCount "70"]
[EventDate "2011.11.18"]
[EventType "swiss"]
[EventRounds "9"]
[EventCountry "BRA"]
[SourceTitle "EXT 2013"]
[Source "ChessBase"]
[SourceDate "2012.11.22"]
[SourceVersion "1"]
[SourceVersionDate "2012.11.22"]
[SourceQuality "1"]

1. d4 d5 2. c4 e6 3. Nc3 Nf6 4. Bg5 Be7 5. e3 Nbd7 6. Nf3 0-0 7. Bd3 b6 8. e4 dxe4 9. Nxe4 Bb7 10. Qc2 Nxe4 11. Bxe4 Bxe4 12. Qxe4 Bxg5 13. h4 Be7 14. a3 Nf6 15. Qc2 c5 16. 0-0-0 cxd4 17. Rxd4 Qc7 18. h5 h6 19. g4 e5 20. Rdd1 Nxg4 21. Rdg1 f5 22. Ne1 e4 23. Qc3 Bf6 24. Qc2 Rac8 25. b3 b5 26. Rg3 Qe5 27. Rhg1 Rfd8 28. Ng2 Qa1+ 29. Qb1 Qxa3+ 30. Kc2 bxc4 31. b4 Rd3 32. Rxd3 exd3+ 33. Kd1 Bc3 34. Rf1 Qa4+ 35. Kc1 d2# 0-1